<?xml version="1.0" encoding="UTF-8"?>
<record
    xmlns:xsi="http://www.w3.org/2001/XMLSchema-instance"
    xsi:schemaLocation="http://www.loc.gov/MARC21/slim http://www.loc.gov/standards/marcxml/schema/MARC21slim.xsd"
    xmlns="http://www.loc.gov/MARC21/slim">

  <leader>00659nam a22001577a 4500</leader>
  <controlfield tag="008">230921b        |||||||| |||| 00| 0 eng d</controlfield>
  <datafield tag="082" ind1=" " ind2=" ">
    <subfield code="a">N929.2/Me172k</subfield>
  </datafield>
  <datafield tag="100" ind1=" " ind2=" ">
    <subfield code="a">&#x92E;&#x947;&#x935;&#x93E;&#x939;&#x93E;&#x919;, &#x936;&#x902;&#x915;&#x930;&#x926;&#x93E;&#x938;</subfield>
  </datafield>
  <datafield tag="245" ind1=" " ind2=" ">
    <subfield code="a">&#x915;&#x93F;&#x930;&#x93E;&#x924; &#x907;&#x924;&#x93F;&#x939;&#x93E;&#x938; &#x924;&#x925;&#x93E; &#x92E;&#x947;&#x935;&#x93E;&#x939;&#x93E;&#x919; &#x935;&#x902;&#x936;&#x93E;&#x935;&#x932;&#x940; &#x930; &#x92A;&#x939;&#x93F;&#x91A;&#x93E;&#x928;</subfield>
  </datafield>
  <datafield tag="250" ind1=" " ind2=" ">
    <subfield code="a">&#x926;&#x94B;&#x938;&#x94D;&#x930;&#x94B;</subfield>
  </datafield>
  <datafield tag="260" ind1=" " ind2=" ">
    <subfield code="a">s.l:</subfield>
    <subfield code="b"> &#x936;&#x902;&#x915;&#x930;&#x926;&#x93E;&#x938; &#x92E;&#x947;&#x935;&#x93E;&#x939;&#x93E;&#x919;,</subfield>
    <subfield code="c">&#x968;&#x966;&#x96D;&#x96B;&#x935;&#x93F;.</subfield>
  </datafield>
  <datafield tag="300" ind1=" " ind2=" ">
    <subfield code="b">&#x967;&#x96D;&#x969;&#x92A;&#x943;.</subfield>
  </datafield>
  <datafield tag="504" ind1=" " ind2=" ">
    <subfield code="a">&#x938;&#x928;&#x94D;&#x926;&#x930;&#x94D;&#x92D;&#x917;&#x94D;&#x930;&#x928;&#x94D;&#x925;&#x938;&#x942;&#x91A;&#x940;&#x903;&#x92A;&#x943;.&#x967;&#x96D;&#x969;</subfield>
  </datafield>
  <datafield tag="650" ind1=" " ind2=" ">
    <subfield code="a"> &#x92E;&#x947;&#x935;&#x93E;&#x939;&#x93E;&#x919;-&#x935;&#x902;&#x936;&#x93E;&#x935;&#x932;&#x940;</subfield>
  </datafield>
  <datafield tag="942" ind1=" " ind2=" ">
    <subfield code="2">ddc</subfield>
    <subfield code="c">GEN</subfield>
  </datafield>
  <datafield tag="999" ind1=" " ind2=" ">
    <subfield code="c">110493</subfield>
    <subfield code="d">110481</subfield>
  </datafield>
  <datafield tag="952" ind1=" " ind2=" ">
    <subfield code="0">0</subfield>
    <subfield code="1">0</subfield>
    <subfield code="2">ddc</subfield>
    <subfield code="4">0</subfield>
    <subfield code="7">0</subfield>
    <subfield code="a">TUCL</subfield>
    <subfield code="b">TUCL</subfield>
    <subfield code="d">2023-09-21</subfield>
    <subfield code="l">0</subfield>
    <subfield code="o">N929.2/Me172k</subfield>
    <subfield code="p">G80585</subfield>
    <subfield code="r">2023-09-21 00:00:00</subfield>
    <subfield code="w">2023-09-21</subfield>
    <subfield code="y">GEN</subfield>
  </datafield>
</record>
